| 000 | 00889nas a2200265 4500 | ||
|---|---|---|---|
| 001 | BR6007949 | ||
| 003 | BR-BrBNA | ||
| 005 | 20231205082041.0 | ||
| 007 | ta | ||
| 008 | 230509b bl.|||p| |||| 00| 00por d | ||
| 040 |
_aBR-BrBNA _bpor _cBiblioteca Nacional de Agricultura |
||
| 041 | _a(Pt) | ||
| 072 | _aL73 | ||
| 100 | 1 | _aMotta, J.G. da | |
| 100 | 1 | _aSantos, M.D. dos | |
| 245 | 1 | _aOcorrencia da Salmonella derby e Salmonella berta em caes (Canis familiaris)na cidade de Salvador, Bahia, Brasil [Bacteria patogenica; Salmonelose] | |
| 650 | _aCAO | ||
| 650 | _aSALMONELOSE | ||
| 650 | _aBACTERIA PATOGENICA | ||
| 650 | _aSALVADOR | ||
| 650 | _aBAHIA | ||
| 773 | 0 |
_tArquivos da Escola de Medicina Veterinaria da Universidade Federal da Bahia (Brazil) _xISSN 0100-2597 _g(1976), v. 1(1) p. 99-105 _wBR6007949 |
|
| 909 |
_a202311 _bLúcia _c55 _dLúcia Elande |
||
| 942 |
_2AGRIS _n0 _cANA |
||
| 999 |
_c88837 _d88837 |
||